[Event "Summer Cup"]
[Site "Wellington Chess Club"]
[Date "2014.02.20"]
[Round "3"]
[White "Dive, Russell"]
[Black "Timergazi, Layla"]
[Result "1/2-1/2"]
[WhiteElo "2441"]
[BlackElo "1952"]

{The highlight of the round was a breakthrough result for Layla Timergazi.} 1.
Nf3 d5 2. c4 c6 3. Qc2 Nf6 4. g3 g6 5. Bg2 Bg7 6. O-O O-O 7. b3 Bf5 8. d3 dxc4
9. bxc4 Ne8 10. Nc3 Nd7 11. Rb1 Nd6 12. e4 Bg4 13. Be3 Qa5 14. Nd4 c5 15. Ndb5
Nxb5 16. Nxb5 a6 17. Bd2 Qb6 18. Nc3 Qa7 19. Nd5 Rae8 20. f3 Be6 21. Nc7 Rd8
22. Nxe6 fxe6 23. Bh3 e5 24. Kg2 Nb8 25. Be6+ Kh8 26. Bd5 {#Diagram This looks
like a standard Russell crush. Most members of the Wellington Chess Club have
painful memories of being mercilessly monstered by Russell from a position like
this. } 26... b6 27. Rb3 $2 {However, there's something a little different
about this position. Normally Catalan and English addicts love nothing better
than planting that lovely bishop on d5 - it often signals the beginning of the
end. Personally I have deep  affection for such a bishop, when I get a d5
bishop I call it my Kramnik bishop. In this case though, Black has a pawn on e7
and the retreat path is blocked. This factor means White cannot take his time,
and Rb3 is a bit slow. } 27... Rd6 $1 {Layla is alert to her opportunity -
Black threatens e6. White is forced into complications.} 28. f4 e6 29. fxe5
Rxf1 30. exd6 Qf7 $1 {An excellent resource} 31. Bf4 Rxf4 32. gxf4 exd5 33. Kg3
$2 (33. Rxb6 Nd7 34. Rb7 Qxf4 35. Qf2 Qg4+ {forcing Black to take a perpetual
is the best White can do. This is similar to the game conclusion} ) 33... g5 $1
{Layla correctly seeks to denude the White king} 34. Qf2 {#Diagram} 34... Qh5
{A pragmatic choice, if I ever get a chance to force a perpetual against
Russell, I'll take it too.}  ( {Objectively best is} 34... dxc4 $1 35. dxc4 Nd7
{And Black takes control of the e5 square, with advantage} ) 35. Rxb6 Qh4+ 36.
Kf3 Qh5+ 37. Kg2 Qg4+ 38. Qg3 Qe2+ 39. Qf2 Qg4+ {Draw agreed} 1/2-1/2

[Event "Summer Cup"]
[Site "Wellington Chess Club"]
[Date "2014.02.20"]
[Round "3"]
[White "Forster, Bill"]
[Black "Pomeroy, Arthur"]
[Result "1/2-1/2"]
[WhiteElo "2054"]
[BlackElo "2115"]

{Arthur Pomeroy played a nice positional game against me, but fell just short
of a win.} 1. Nf3 d6 2. e4 c5 3. b4 $6 {After a few minutes thought I decided I
wanted to have fun and decided and not worry about the result. However I should
have adopted that attitude from move 1 in which case I could have played an
orthodox Wing Gambit. This deferred version is an unfortunate experiment.} 3...
Nf6 $1 {I was hoping that the pawn at d6 was a negative for Black because it
would take him 2 moves to play the classic gambit de-fanging move d5. But
actually denying me e5 is more important. Black is simply better already.} 4.
Bb5+ Bd7 5. Qe2 Bxb5 6. Qxb5+ Qd7 7. Qxd7+ Nbxd7 8. bxc5 Nxc5 9. d3 {#Diagram
Clearly this is going to be no fun for White, and in fact I was now tortured
til near midnight to get a half point. Somebody remind me of the point of this
game.} 9... g6 10. Nc3 Bg7 11. Rb1 O-O 12. Nd2 Rac8 {Black has targets, and I
have to be careful} 13. Nc4 b6 {#Diagram With Rxb7 no longer on the table,
N(either) x e4 is now a strong threat hence} 14. f3 Rfd8 15. Bb2 d5 16. Nxd5
Nxd5 17. Bxg7 $2 {I hurried to swap bishops} 17... Kxg7 {But the computer
points out that Black can take advantage of this}  (17... Nxd3+ {with
favourable complications} ) 18. exd5 Rxd5 19. Kf2 {Life is a little easier now,
but can Black nag away.} 19... Ne6 20. Rhe1 b5 21. Ne3 Rdc5 22. Rb4 Rd8 23. a4
Nd4 24. axb5 Nxc2 25. Nxc2 Rxc2+ 26. Re2 Rc7 27. Rc4 Rb7 28. Rc3 e6 29. Ra2 Rd5
30. Rca3 Rdxb5 ( {I think} 30... Rbxb5 31. Rxa7 Rxd3 32. Re7 Rf5 33. Raa7
{might be a better winning attempt} ) 31. Rxa7 Rxa7 32. Rxa7 Rb2+ 33. Kg3 Rd2
34. Rd7 Kf6 35. f4 h5 36. h4 Ra2 37. Kf3 Ra5 38. Ke4 Ra4+ 39. d4 Ra2 40. Kf3
Ra3+ 41. Kf2 Ra5 42. Ke3 Rb5 43. Ra7 Rb2 44. Kf3 Rb3+ 45. Kf2 Rd3 46. Rd7 Ra3
47. Rb7 Ra4 48. Ke3 Ra2 49. Kf3 Ra5 50. Ke3 Rd5 51. Ra7 Rd8 52. Ke4 Re8 53. Rb7
Ra8 54. Ke3 Ra1 55. Kf2 Rh1 56. Kg3 Rf1 57. Ra7 Kg7 58. Rb7 Rd1 59. Rb4 Kf6 60.
Kf3 Kf5 61. Rb5+ Kf6 62. Rb4 Rd3+ 63. Ke2 Rg3 64. Kf2 Ra3 65. Rb7 Rd3 66. Rd7
Ra3 67. Rb7 {I didn't play that last move, but I did write it down and claimed
a threefold repetition} 1/2-1/2

[Event "Summer Cup"]
[Site "Wellington Chess Club"]
[Date "2014.02.20"]
[Round "3"]
[White "Jackson, Ross"]
[Black "Stracy, Don"]
[Result "1/2-1/2"]
[WhiteElo "2000"]
[BlackElo "1870"]

1. d4 Nf6 2. c4 e6 3. Nf3 b6 4. Nc3 Bb7 5. Bg5 Be7 6. e3 h6 7. Bh4 d5 8. cxd5
exd5 9. Bd3 Nbd7 10. O-O O-O 11. Rc1 c5 12. Bg3 Ne4 13. Bf4 Ndf6 14. Ne5 g5 15.
Bg3 Nxg3 16. hxg3 Kg7 17. f4 Ne4 18. Qe2 f6 19. Nf3 Rc8 20. dxc5 bxc5 21. Nd2
Nxd2 22. Qxd2 d4 23. Na4 dxe3 24. Qxe3 Qd4 {Draw agreed} 1/2-1/2

[Event "Summer Cup"]
[Site "Wellington Chess Club"]
[Date "2014.02.20"]
[Round "3"]
[White "Ker, Anthony"]
[Black "Rossiter, Philip"]
[Result "1-0"]
[WhiteElo "2423"]
[BlackElo "1835"]

1. e4 e6 2. d4 d5 3. e5 b6 4. c3 Ne7 5. Nf3 {#Diagram} 5... Ba6 {Oh dear.} 6.
Bxa6 Nxa6 7. Qa4+ Qd7 8. Qxa6 Nc6 9. Bg5 Be7 10. Bxe7 Kxe7 11. O-O Raf8 12.
Nbd2 h6 13. Rae1 g5 14. h3 Rhg8 15. Nh2 h5 16. Qe2 1-0

[Event "Summer Cup"]
[Site "Wellington Chess Club"]
[Date "2014.02.20"]
[Round "3"]
[White "Nicholls, Alistair"]
[Black "Wight, Joshua"]
[Result "1-0"]
[WhiteElo "1848"]
[BlackElo "1253"]

1. e4 e5 2. Nf3 Nc6 3. d4 exd4 4. Bc4 Be7 5. c3 dxc3 6. Nxc3 d6 7. O-O Nf6 8.
h3 b6 9. Qe2 O-O 10. Rd1 Qe8 11. Nd5 Nxd5 12. Bxd5 Bb7 13. Be3 Qc8 14. Bd4 Re8
15. Be3 Bd8 16. Qc4 Rf8 17. Bxc6 Ba6 18. Qd5 Rb8 19. e5 Be2 20. exd6 Bxf3 21.
Qxf3 cxd6 22. Qg3 g6 23. Rxd6 Be7 24. Qe5 f6 25. Bd5+ Kg7 26. Qxe7+ 1-0

[Event "Summer Cup"]
[Site "Wellington Chess Club"]
[Date "2014.02.20"]
[Round "3"]
[White "Sellen, Ian"]
[Black "List, Robert"]
[Result "1-0"]
[WhiteElo "2112"]
[BlackElo "1670"]

1. c4 g6 2. Nc3 Bg7 3. g3 e5 4. Bg2 d6 5. Nf3 Nf6 6. O-O O-O 7. d4 Re8 8. dxe5
dxe5 9. Qxd8 Rxd8 10. Nxe5 c6 11. Rd1 Re8 12. Nd3 Be6 13. Nc5 Bxc4 14. Nxb7 Nd5
15. Nxd5 Bxd5 16. Bxd5 cxd5 17. Rxd5 Nc6 18. Rd2 Rab8 19. Nc5 Red8 20. Rxd8+
Rxd8 21. Nd3 Nd4 22. Kf1 Re8 23. e3 Nf3 24. Kg2 Rd8 25. Kxf3 Rxd3 26. Ke2 Rd6
27. Rb1 Rc6 28. Bd2 Rc2 29. Kd1 Rxb2 30. Rxb2 Bxb2 31. Kc2 Ba3 32. Kb3 Bc5 33.
Kc4 Ba3 34. Kb5 f5 35. Bc3 Kf7 36. Bd4 Ke6 37. Bxa7 Bc1 38. a4 Bd2 39. a5 Kd7
40. a6 Kc8 41. Kc4 Be1 42. e4 fxe4 43. Kd5 e3 44. Bxe3 Kb8 45. Ke6 Bc3 46. Kf7
1-0

[Event "Summer Cup"]
[Site "Wellington Chess Club"]
[Date "2014.02.20"]
[Round "3"]
[White "Sknar, Andrew"]
[Black "Sknar, Andrew"]
[Result "0-1"]
[WhiteElo "929"]
[BlackElo "1370"]

1. e4 e5 2. Nf3 Nc6 3. Bb5 Qf6 4. d3 Bc5 5. Bc4 h6 6. Qe2 Nd4 7. Nxd4 Bxd4 8.
O-O d6 9. c3 Bb6 10. Be3 Qg6 11. Bxb6 axb6 12. d4 Bh3 13. Qf3 Bg4 14. Bxf7+ Ke7
15. Bxg6 Bxf3 16. gxf3 Nf6 17. dxe5 dxe5 18. Bf5 g6 19. Bxg6 Rhg8 20. Kh1 Rxg6
21. Rg1 Rag8 22. Rxg6 Rxg6 23. Nd2 Nh5 24. Rg1 Rf6 25. Rg4 b5 26. Rh4 Nf4 27.
Nb3 b6 28. Nd2 c5 29. c4 b4 30. a3 Nd3 31. axb4 cxb4 32. b3 Nxf2+ 33. Kg2 Nd3
34. Rh5 Rg6+ 35. Kf1 Ke6 36. Rh4 Kf7 37. Ke2 Nf4+ 38. Ke3 Ng2+ 39. Ke2 Nxh4 40.
h3 Rg2+ 41. Ke1 Rg3 42. Kf2 Rxh3 0-1

[Event "Summer Cup"]
[Site "Wellington Chess Club"]
[Date "2014.02.20"]
[Round "3"]
[White "Tionko, Efrain"]
[Black "Farrington, Lawrence"]
[Result "0-1"]
[WhiteElo "1966"]
[BlackElo "1721"]

{Lawrence is having an eventful tournament, with two upset wins already.} 1. c4
e5 2. g3 Nf6 3. Bg2 d5 4. cxd5 Nxd5 5. Nf3 Nc6 6. O-O Be7 7. d4 e4 8. Ne5 f5 9.
Nxc6 bxc6 10. f3 exf3 11. Rxf3 O-O 12. Nc3 Be6 13. e4 fxe4 14. Rxf8+ Bxf8 15.
Bxe4 Nxc3 16. bxc3 Bd5 17. Qd3 Bxe4 18. Qxe4 Qd5 19. Qxd5+ cxd5 20. Rb1 Bd6 21.
Rb7 Kf7 22. Kg2 Ke6 23. a4 a6 24. Bf4 Kd7 {#Diagram This should obviously be a
draw. Never-the-less, I don't understand why White didn't swap bishops, Black's
bishop is always going to be better than White's with pawns fixed on d4 and d5.
} 25. h4 Kc6 26. Rb2 Re8 27. Kf2 Kd7 28. Rb7 Kc6 29. Rb1 Kd7 {Lawrence is happy
to draw.} 30. Bd2 Rf8+ 31. Kg2 Re8 32. Re1 $2 {As pointed out earlier, White
should swap bishops not rooks.} 32... Rxe1 33. Bxe1 {And now Black has an easy
advantage. Efrain doesn't find a way to combat the simple idea of picking off
the weak a pawn} 33... Kc6 34. g4 Kb6 35. g5 $2 (35. c4 $1 {sacrificing a less
important pawn was compulsory} ) 35... g6 36. Kf3 Ka5 37. c4+ Kxa4 38. c5 Bh2
39. Kg2 Bf4 40. Kf3 Bc1 41. Ke2 c6 42. Kd3 Kb3 43. Ba5 Ba3 44. Ke3 Bb4 45. Bb6
a5 46. Bxa5 Bxa5 47. Kf4 Bc7+ 48. Kg4 Kc4 49. h5 Kxd4 50. hxg6 hxg6 {As
Steinitz once said, I may be an old man but if you stick your finger in my
mouth I'll bite it off!} 0-1

[Event "Summer Cup"]
[Site "Wellington Chess Club"]
[Date "2014.02.27"]
[Round "4"]
[White "Jackson, Ross"]
[Black "Dive, Russell"]
[Result "0-1"]
[WhiteElo "2000"]
[BlackElo "2441"]

{Russell Dive drove a large tank over the top of Ross Jackson.} 1. d4 Nf6 2. c4
e6 3. Nf3 b6 4. Nc3 Bb4 5. Bg5 h6 6. Bh4 Bb7 7. e3 c5 8. dxc5 bxc5 9. a3 Bxc3+
10. bxc3 g5 11. Bg3 Ne4 12. Rc1 Nc6 13. Nd2 Nxg3 14. hxg3 d6 15. Ne4 Ke7 16.
Qf3 f5 {#Diagram Russell is fond of this ambitious strategy in Queen's Indian
positions. Black argues that his king is well placed in the centre and
undertakes action on both wings} 17. Rb1 Rb8 18. Nd2 Qc7 19. Qd1 Ne5 20. f3 Bc6
21. Kf2 Qa5 22. Qc1 Rxb1 23. Nxb1 Kf6 24. Be2 Nf7 25. Rd1 Rb8 26. Bd3 Qb6 27.
f4 Qb7 28. Bf1 Ba4 29. Re1 Qb2+ 30. Kg1 Qa2 31. Nd2 Rb2 32. Re2 Rc2 {#Diagram A
very aesthetic surround and invade strategy nears its climax.} 33. Qb1 Qxb1 34.
Nxb1 Rc1 35. Rb2 Bc2 36. Nd2 Bd3 37. Rb3 a5 38. Kf2 Bxf1 39. Nxf1 a4 40. Rb2
Rxc3 41. Nd2 Rxa3 42. Ke2 e5 43. Nb1 Ra1 44. Nc3 a3 45. Nd5+ Kg7 46. Rc2 a2 0-1

[Event "Summer Cup"]
[Site "Wellington Chess Club"]
[Date "2014.02.27"]
[Round "4"]
[White "Marney, John"]
[Black "Cunningham, Patrick"]
[Result "0-1"]
[WhiteElo "1675"]
[BlackElo "1783"]

1. e4 e5 2. Nf3 Nc6 3. d4 exd4 4. Bc4 Nf6 5. e5 Ne4 6. Bd5 Bb4+ 7. Nbd2 Nxd2 8.
Bxd2 Bxd2+ 9. Qxd2 O-O 10. Bxc6 dxc6 11. Qxd4 Qe7 12. O-O-O Be6 13. Kb1 Rfd8
14. Qc3 c5 15. Qa3 b5 16. Rhe1 b4 17. Qa6 h6 18. Nd2 Qg5 19. Ne4 Rxd1+ 20. Rxd1
Qxe5 21. Qc6 Rc8 22. Nxc5 Qe2 23. Kc1 Qc4 24. b3 Qc3 25. Qb5 Bf5 26. Nd3 Qa1+
27. Kd2 Qc3+ 28. Kc1 c5 29. Qc4 Qa1+ 30. Kd2 Qxa2 31. Ke1 Be6 32. Nc1 Bxc4 33.
Nxa2 Re8+ 34. Kd2 Re2+ 35. Kc1 Bxb3 36. Nxb4 cxb4 37. cxb3 Rxf2 38. Rd2 Rxd2
39. Kxd2 Kf8 40. Kd3 Ke7 41. Kc4 Kd6 42. Kxb4 Kc6 43. Ka5 Kb7 44. Kb5 f5 45. b4
g5 46. Kc5 f4 47. Kd5 Kb6 48. Ke6 Kb5 49. Kf6 Kxb4 50. Kg6 a5 51. Kxh6 a4 52.
Kxg5 a3 53. h4 a2 54. h5 a1=Q 0-1

[Event "Summer Cup"]
[Site "Wellington Chess Club"]
[Date "2014.02.27"]
[Round "4"]
[White "Pomeroy, Arthur"]
[Black "Nicholls, Alistair"]
[Result "1-0"]
[WhiteElo "2115"]
[BlackElo "1848"]

1. e4 e5 2. Nf3 f5 3. Nxe5 Qf6 4. d4 d6 5. Nc4 fxe4 6. Nc3 Qf7 7. Ne3 Nf6 8.
Bc4 Be6 9. d5 Bd7 10. f3 exf3 11. Qxf3 Be7 12. O-O Na6 13. Nf5 O-O 14. Nxe7+
Qxe7 15. Bg5 Qe5 16. Qf4 Rae8 17. Qxe5 dxe5 18. d6+ Be6 19. Bxa6 bxa6 20. dxc7
Rf7 21. Rae1 Bc8 22. Bxf6 gxf6 23. Ne4 Ref8 24. c4 Kg7 25. Re3 f5 26. Nd6 Rxc7
27. Rxe5 f4 28. Ne8+ 1-0

[Event "Summer Cup"]
[Site "Wellington Chess Club"]
[Date "2014.02.27"]
[Round "4"]
[White "Roberts, Michael"]
[Black "Meyer, Marany"]
[Result "1/2-1/2"]
[WhiteElo "1814"]
[BlackElo "2062"]

1. e4 d6 2. d4 Nf6 3. Nc3 g6 4. Nf3 Bg7 5. Be2 O-O 6. O-O Bg4 7. h3 Bxf3 8.
Bxf3 c6 9. Be3 Qc7 10. Qe2 Nbd7 11. Rfd1 b5 12. Rab1 b4 13. Na4 Nb6 14. Nxb6
Qxb6 15. c4 Nd7 16. b3 Rad8 17. g3 c5 18. d5 Rfe8 19. Bg2 Nf8 20. f4 e6 21. Qf2
e5 22. f5 Nd7 23. g4 Rc8 24. g5 f6 25. Qg3 Nf8 26. h4 Qd8 27. Bh3 Rc7 28. Kh2
Ree7 29. Rf1 Rf7 30. fxg6 hxg6 31. Be6 Nxe6 32. dxe6 Rf8 33. gxf6 Bxf6 34.
Qxg6+ Rg7 35. Qh5 Rh7 36. Bh6 Kh8 37. Qg6 Bg7 38. Bg5 Qe8 39. Qxe8 Rxe8 40. e7
Kg8 41. Rbd1 Bh6 42. Rxd6 Bxg5 43. Rg6+ Rg7 44. Rxg5 1/2-1/2

[Event "Summer Cup"]
[Site "Wellington Chess Club"]
[Date "2014.02.27"]
[Round "4"]
[White "Stoeveken, Peter"]
[Black "Sellen, Ian"]
[Result "0-1"]
[WhiteElo "1861"]
[BlackElo "2112"]

1. d4 e6 2. Nf3 d5 3. c4 Nf6 4. Bg5 Be7 5. e3 h6 6. Bxf6 Bxf6 7. Nc3 c6 8. Bd3
Nd7 9. O-O O-O 10. e4 dxc4 11. Bxc4 b5 12. Bb3 Bb7 13. e5 Be7 14. Bc2 Re8 15.
Qd3 Nf8 16. a3 a6 17. Ne4 Qc7 18. Rac1 Red8 19. Qe3 Nd7 20. g4 c5 21. dxc5 Nxe5
22. b4 Nxg4 23. Qe2 Bd5 24. Bd3 Ne5 25. Nxe5 Qxe5 26. Qg4 f5 27. Qh5 Bxe4 28.
Rfe1 Rxd3 29. c6 Bd6 30. c7 Bxc7 31. Rc5 Rd5 0-1

[Event "Summer Cup"]
[Site "Wellington Chess Club"]
[Date "2014.02.27"]
[Round "4"]
[White "Stracy, Don"]
[Black "Nyberg, Michael"]
[Result "0-1"]
[WhiteElo "1870"]
[BlackElo "2021"]

1. e4 e6 2. d4 d5 3. Nd2 c5 4. exd5 exd5 5. Ngf3 Nc6 6. Bb5 Nf6 7. O-O Be7 8.
dxc5 Bxc5 9. Nb3 Be7 10. Ne5 Bd7 11. Nxd7 Qxd7 12. Nd4 O-O 13. Re1 Ne4 14. c3
Rfd8 15. Bf4 a6 16. Nxc6 bxc6 17. Bd3 Nc5 18. Bc2 Bf6 19. Qf3 Re8 20. Rad1 Ne6
21. Qd3 g6 22. Bh6 Rab8 23. b3 a5 24. Qf3 Bh8 25. c4 Nd4 26. Qd3 Rxe1+ 27. Rxe1
Re8 28. Rxe8+ Qxe8 29. Kf1 dxc4 30. bxc4 Qb8 31. g3 Qc8 32. Kg1 Qh3 33. Qe4
Qxh6 34. Qe8+ Qf8 35. Qxf8+ Kxf8 36. Be4 Ke7 37. f4 Kd6 0-1

[Event "Summer Cup"]
[Site "Wellington Chess Club"]
[Date "2014.02.27"]
[Round "4"]
[White "Theodosiou, Andreas"]
[Black "Aumeier, Beate"]
[Result "1-0"]
[WhiteElo "1374"]
[BlackElo "995"]

1. e4 e5 2. Nf3 Nc6 3. Bb5 Nf6 4. d3 d5 5. Bg5 Be7 6. Nxe5 dxe4 7. Nxc6 Qd5 8.
Nd4+ Bd7 9. Bxd7+ Qxd7 10. Be3 c5 11. Ne2 Qg4 12. O-O exd3 13. Qxd3 c4 14. Qd2
Rd8 15. Nd4 Ne4 16. Qa5 a6 17. f3 Rd5 18. Qxd5 Nf6 19. Qxb7 Qd7 1-0

[Event "Summer Cup"]
[Site "Wellington Chess Club"]
[Date "2014.02.27"]
[Round "4"]
[White "Timergazi, Layla"]
[Black "Ker, Anthony"]
[Result "0-1"]
[WhiteElo "1952"]
[BlackElo "2423"]

{Anthony Ker was also in domination mode.} 1. d4 d6 2. c4 e5 3. e3 Nc6 4. d5
Nce7 5. e4 f5 6. Nc3 Nf6 7. Bd3 g6 8. Nf3 Bg7 9. O-O O-O 10. Be3 h6 11. h4 fxe4
12. Nxe4 Bg4 13. Nxf6+ Rxf6 14. Be2 Nf5 15. g3 Bh3 16. Re1 Nxe3 17. fxe3 Qd7
18. Kh2 e4 19. Nd2 Rf2+ 20. Kg1 Qf5 {#Diagram A sad final position for White.
All of Black's pieces are about to descend on the defenceless White king} 0-1

[Event "Summer Cup"]
[Site "Wellington Chess Club"]
[Date "2014.02.27"]
[Round "4"]
[White "Van der Hoorn, Mark"]
[Black "Aldridge, Alan"]
[Result "0-1"]
[WhiteElo "1964"]
[BlackElo "2232"]

{Alan Aldridge won a stonking game to upset Mark van der Hoorn} 1. e4 e5 2. Nc3
Nc6 3. Bc4 Nf6 4. Nf3 Be7 5. d3 O-O 6. Bg5 d6 7. Qd2 Be6 8. Nd5 Bxd5 9. exd5
Nd4 10. h4 {#Diagram} 10... b5 $5 {An interesting sacrifice, Al makes it work}
11. Nxd4 exd4 12. Bxb5 Rb8 13. Bc4 Nd7 ( {Not} 13... Rxb2 14. Bb3) 14. O-O-O $5
{Mark gets into the spirit of things by sharpening the struggle further} 14...
a5 15. Rh3 f6 16. Bf4 a4 17. Re1 Nc5 18. a3 Re8 19. g4 Rb6 20. f3 {A little
slow} 20... Qb8 $1 {Black's attack makes inroads first} 21. Qf2 Rxb2 22. Qxd4
$2 {Losing} 22... Rb1+ 23. Kd2 Rxe1 24. Kxe1 f5 $3 {Winning} 25. Kf1 Qb1+ 26.
Kg2 {#Diagram} 26... Qxc2+ (26... Bxh4 $3 {Forces the rook through to e2 and
denies the queen f2, with decisive effect} ) 27. Qf2 Qc3 28. Qe2 Kf8 29. Bb5
Rb8 $1 {Black takes over the game for a second time} 30. Bd2 Qc2 31. Rh1 Nb3
32. Bxa4 Qxd2 33. Qxd2 Nxd2 {Black is a piece up but instead of consolidating
and using his piece to promote a pawn, Al finishes off by massing all his
pieces including his king, in a mating attack, a fantastic game by Alan.} 34.
Rc1 fxg4 35. fxg4 Bxh4 36. Rxc7 Ra8 37. Bd7 Rxa3 38. Be6 Rxd3 39. Rc8+ Ke7 40.
Rc7+ Kf6 41. Rf7+ Ke5 42. Rf5+ Kd4 43. Rh5 Rg3+ 44. Kf2 Rxg4+ 45. Ke2 Rg2+ 46.
Kd1 Bg5 47. Rxh7 Bh6 48. Rh8 Ne4 49. Ra8 Be3 50. Bc8 Nc3+ {#Diagram it's mate
next move} 0-1

[Event "Summer Cup"]
[Site "Wellington Chess Club"]
[Date "2014.02.28"]
[Round "4"]
[White "Drinkwater, Blaise"]
[Black "Brockway, Andrew"]
[Result "1/2-1/2"]
[WhiteElo "1450"]
[BlackElo "1769"]
[PlyCount "55"]

1. e4 c5 2. Nf3 g6 3. d4 cxd4 4. Nxd4 Nc6 5. Nc3 Bg7 6. Be3 Nf6 7. Be2 O-O 8.
Qd2 d5 9. Nxc6 bxc6 10. Bh6 d4 11. Bxg7 Kxg7 12. O-O-O e5 13. h4 h5 14. Qg5 Qe7
15. f4 Ng8 16. Qxe7 Nxe7 17. Na4 Kf6 18. Nc5 Rd8 19. f5 gxf5 20. Bxh5 f4 21.
Bf3 Rh8 22. c3 Rd8 23. h5 Kg7 24. cxd4 exd4 25. e5 Kh6 26. Be4 Bg4 27. Bf3 Bxf3
28. gxf3 1/2-1/2

[Event "Summer Cup"]
[Site "Wellington Chess Club"]
[Date "2014.03.13"]
[Round "5"]
[White "Aldridge, Alan"]
[Black "Jackson, Ross"]
[Result "1/2-1/2"]
[WhiteElo "1964"]
[BlackElo "2000"]

1. e4 c5 2. Nf3 a6 3. c4 Nc6 4. Nc3 d6 5. Be2 g6 6. d4 cxd4 7. Nxd4 Bg7 8. Be3
Nf6 9. O-O O-O 10. h3 Bd7 11. Qd2 Rc8 12. Rad1 Nxd4 13. Bxd4 Bc6 14. Qe3 Nd7
15. Bxg7 Kxg7 16. b3 Qe8 17. Bg4 h5 18. Be2 Nf6 19. f4 Nd7 20. e5 dxe5 21. fxe5
f6 22. exf6+ exf6 23. Qxe8 Rcxe8 24. Bf3 Ne5 25. Bxc6 Nxc6 26. Rd7+ 1/2-1/2

[Event "Summer Cup"]
[Site "Wellington Chess Club"]
[Date "2014.03.13"]
[Round "5"]
[White "Brockway, Andrew"]
[Black "Van der Hoorn, Mark"]
[Result "0-1"]
[WhiteElo "1769"]
[BlackElo "2232"]

{In the master v pupil game, both players seemed heavily influenced by the
recent "Exchange sacrifices" lesson.} 1. e4 e5 2. Nf3 Nc6 3. Bb5 f5 4. d3 fxe4
5. dxe4 Nf6 6. Qe2 d6 7. Qc4 Bd7 8. Nc3 a6 9. Bxc6 Bxc6 10. Nd5 Nxd5 11. exd5
Bd7 12. Bg5 Be7 13. Qh4 Bxg5 14. Qxg5 O-O 15. Qxd8 Raxd8 16. Nd2 Rf4 17. c3
Rdf8 18. f3 Bb5 19. Rc1 Bd3 20. c4 e4 21. g3 {#Diagram The scene is set} 21...
Rxf3 {Enterprising} 22. Nxf3 Rxf3 23. Kd2 b6 24. Rc3 {Andrew decides to
sacrifice the exchange too!} 24... Kf7 25. Rxd3 Rxd3+ {Unfortunately it leaves
him with a lost ending} 26. Ke2 Rf3 27. Rc1 Kf6 28. b4 Ke5 29. c5 bxc5 30. bxc5
Ra3 31. cxd6 Rxa2+ 32. Ke3 cxd6 33. h4 Ra3+ 34. Kf2 0-1

[Event "Summer Cup"]
[Site "Wellington Chess Club"]
[Date "2014.03.13"]
[Round "5"]
[White "Farrington, Lawrence"]
[Black "Stoeveken, Peter"]
[Result "1/2-1/2"]
[WhiteElo "1721"]
[BlackElo "1861"]

1. e4 e6 2. d4 d5 3. Nc3 Bb4 4. e5 c5 5. a3 Ba5 6. Nf3 Ne7 7. dxc5 Bxc3+ 8.
bxc3 Qc7 9. Be3 a6 10. Bd4 Nd7 11. Bd3 Nxc5 12. Qe2 Bd7 13. O-O Ng6 14. Qe3 Na4
15. Be2 Rc8 16. c4 dxc4 17. c3 b5 18. Bd1 Nc5 19. Rb1 Nd3 20. Bc2 Ndf4 21. Bxg6
Nxg6 22. Bb6 Qb7 23. Bd4 Bc6 24. Ne1 Rd8 25. f3 Ne7 26. Nc2 Nd5 27. Qd2 Qc7 28.
Rfd1 O-O 29. Nb4 Nxb4 30. axb4 f6 31. Qe3 f5 32. Rd2 Qb7 33. Rbb2 f4 34. Qe2
Rf5 35. Bc5 Rxd2 36. Rxd2 Bd5 37. Bd6 Rg5 38. Kh1 h5 39. Rd1 h4 40. h3 Rf5 41.
Qf2 g5 42. Rf1 Rf7 43. Qc5 Qa7 44. Qxa7 Rxa7 45. Ra1 Kf7 46. Kg1 Ke8 47. Kf2
Kd7 48. Ke2 Kc6 49. Ra5 Kd7 50. Kf2 Bb7 51. Bf8 Ra8 52. Bg7 Rg8 53. Bf6 Kc6 54.
Ra1 Kb6 55. Rd1 Bd5 56. Be7 Kc6 57. Ra1 Kb7 58. Bf6 Kb6 59. Be7 Kb7 60. Bc5 Rg7
61. Bd6 Bc6 62. Ra5 Be8 63. Ra1 Rd7 64. Rd1 Bg6 65. Ra1 Bc2 66. Re1 Ba4 67. Rc1
a5 68. Ke2 axb4 69. Bxb4 Bb3 70. Bd6 Kb6 71. Ra1 Ba4 72. Kd2 Kc6 73. Ke2 Kd5
74. Ra2 Rb7 75. Rd2+ Kc6 76. Bb4 Rd7 77. Rxd7 Kxd7 78. Kd2 Kc6 79. Be7 Kd5 80.
Bxg5 Kxe5 81. Bxh4 Kf5 82. Be7 Bb3 83. h4 Ba2 84. Bd6 Bb1 85. Be7 Bd3 86. Ke1
Kg6 87. Bd6 Kf5 88. Be7 e5 89. Kf2 e4 90. fxe4+ Bxe4 91. h5 Ke6 92. Bc5 Kf7 93.
Bd4 Ke6 94. Bc5 Kf7 95. g4 fxg3+ 96. Kxg3 Kg7 97. Kg4 Kh7 98. Kg5 Bd3 1/2-1/2